Responses for show #7618 - Wednesday, October 25, 2017

Contestants

Mary Grace Buckley, a writer and retail sales associate from St. Louis, Missouri

Edgar Castillo, a digital media specialist from Brooklyn, New York

Nan Bauer, a writer from Brooklyn, Michigan (whose 2-day cash winnings total $21,800)

Jeopardy! Round responses

IN THE NOV. 14-20, 1998 TV GUIDE
FAIRY TALES
JELLY BELLY FLAVORS
MUSICAL GEOGRAPHY
PROVERBIALLY SPEAKING
NAMES WITH THE SAME FIRST & LAST LETTER
    $200 24
The X-Files

Mary Grace
    $200 12
(Alex: Well, you got frog in there, so we'll accept that.)

"The Princess and the Frog" (or frog)

Mary Grace
    $200 4
A&W

Edgar
    $200 1
Spain

Nan
    $200 8
money

Edgar
    $200 16
Philip

Nan
    $400 25
Baywatch

Mary Grace
    $400 13
Puss in Boots

Edgar
    $400 5
popcorn

Nan
    $400 2
Vienna

Edgar
    $400 22
cure

Nan
    $400 18
Malcolm

Mary Grace
    $600 26
Frasier

Edgar
    $2,000 14
(Edgar: What is the phoenix?)

a nightingale

Edgar
    $600 9
daiquiri

Edgar
    $600 3
Russia

Edgar
    $600 23
the lamb

Mary Grace
    $600 19
Seamus

Nan
    $800 27
Beverly Hills, 90210

Mary Grace
    $800 15
the blood of an Englishman

Edgar
    $800 11
(Mary Grace: What is key lime pie?)

lime

NanMary Grace
    $800 6
Rome

Nan
    $800 29
Peter to pay Paul

Nan
    $800 20
Hannah

Nan
    $1000 28
Xena: Warrior Princess

Edgar
    $1000 17
Rumpelstiltskin

Edgar
    $1000 10
(Mary Grace: What is blue-- what is blueberry?)

açaí

EdgarMary Grace
    $1000 7
(Nan: What is Scotland?)

the Scottish symphony

Nan
Triple Stumper
    $1000 30
possession

Edgar
    $1000 21
Lemuel (Gulliver)

Nan

Scores at the first commercial break (after clue 15):

Nan Edgar Mary Grace
$1,200 $2,200 -$1,600

Scores at the end of the Jeopardy! Round:

Nan Edgar Mary Grace
$5,000 $5,800 $800

Double Jeopardy! Round responses

CANADIAN NATIONAL PARKS
RADIO
PROTESTANTISM
HISTORIANS' TERMS
ON "PIN"s
NEEDLES
    $400 26
(Mary Grace: What are the Cascades?

the Rockies

Mary Grace
Triple Stumper
    $400 3
A Prairie Home Companion

Mary Grace
    $400 1
the 16th century

Mary Grace
    $400 5
primary

Edgar
    $400 6
terrapin

Edgar
    $400 18
acupuncture

Edgar
    $1,000 27
(Mary Grace: What is a raccoon?)

a beaver

Mary Grace
    $800 4
FM

Triple Stumper
    $800 2
sacraments

Nan
    $800 14
bottom-up

Nan
    $800 7
the pineal gland

Mary Grace
    $800 19
scratching

Mary Grace
    $1200 28
[The end-of-round signal sounds.]

Thousand Islands

Triple Stumper
    $1200 20
Steven Van Zandt

Nan
    $1200 11
the Southern Baptists

Nan
    $1200 15
coal

Nan
    $1200 8
pince-nez

Nan
    $1200 22
the Space Needle

Nan
    $1600 21
Westwood One

Triple Stumper
    $3,200 12
(Nan: Um... what is the... archbishop of the world? I don't know.)

the Archbishop of Canterbury

Nan
    $1600 16
Dunkirk

Nan
    $1600 9
the H.M.S. Pinafore

Mary Grace
    $1600 23
(Edgar: What is a pine?)

a spruce

Edgar
Triple Stumper
    $2000 25
(Edgar: What is a joint?)
...
(Alex: Less than a minute now.)

Blunt

EdgarMary Grace
    $2000 13
(Mary Grace: What is, uh, Puritanism?)

the Presbyterians

Mary Grace
Triple Stumper
    $2000 17
the Whigs

Mary Grace
    $2000 10
(Nan: Who is Pindarus?)
(Mary Grace: Who is Pindareus?)
[Both originally ruled incorrect; Nan was ruled correct and Mary Grace was no longer penalized for her incorrect guess before the first Daily Double]

Pindar (or Pindarus)

Nan
    $2000 24
(Nan: What is linen?)

lace

NanMary Grace

Scores at the end of the Double Jeopardy! Round:

Nan Edgar Mary Grace
$11,000 $3,400 $7,400

[wagering suggestions for these scores]

Final Jeopardy! Round responses

AMERICANA
(Alex: [To Mary Grace] You were going for moonshiner, it looks like.)
...
(Alex: [To Nan] Casey Jones, railroad engineer.)
EdgarWhat is a Lumberjack
$3,397
Mary GraceWhat is a moonsh pre
$2,400
NanWhat is an engineer?
$3,801
an engineer

Final scores:

Nan Edgar Mary Grace
$14,801 $3 $5,000
3-day champion: $36,601 3rd place: $1,000 2nd place: $2,000

Game dynamics:

Coryat scores:

Nan Edgar Mary Grace
$14,200 $5,400 $8,400
19 R,
3 W
(including 1 DD)
15 R,
3 W
(including 1 DD)
14 R,
5 W
(including 1 DD)

Combined Coryat: $28,000

The J! Archive is created by fans, for fans. The Jeopardy! game show and all elements thereof, including but not limited to copyright and trademark thereto, are the property of Jeopardy Productions, Inc. and are protected under law. This website is not affiliated with, sponsored by, or operated by Jeopardy Productions, Inc. Join the discussion at JBoard.tv.